Quantitative financial economics : (Record no. 10163)
[ view plain ]
| 000 -LEADER | |
|---|---|
| fixed length control field | 01024nam a22002772 4500 |
| 001 - CONTROL NUMBER | |
| control field | 0000024064 |
| 005 - DATE AND TIME OF LATEST TRANSACTION | |
| control field | 20151217152256.0 |
| 008 - FIXED-LENGTH DATA ELEMENTS--GENERAL INFORMATION | |
| fixed length control field | 130509s xx 000 0 eng d |
| 020 ## - INTERNATIONAL STANDARD BOOK NUMBER | |
| International Standard Book Number | 0470091711 : |
| 040 ## - CATALOGING SOURCE | |
| Original cataloging agency | KABU |
| Transcribing agency | KABU |
| 100 1# - MAIN ENTRY--PERSONAL NAME | |
| Personal name | Cuthbertson, Keith. |
| -- | 0000183995 |
| 245 10 - TITLE STATEMENT | |
| Title | Quantitative financial economics : |
| Remainder of title | stocks, bonds and foreign exchange / |
| Statement of responsibility, etc. | Keith Cuthbertson, and Dirk Nitzsche. |
| 250 ## - EDITION STATEMENT | |
| Edition statement | 2nd ed. |
| 260 ## - PUBLICATION, DISTRIBUTION, ETC. (IMPRINT) | |
| Place of publication, distribution, etc. | London : |
| Name of publisher, distributor, etc. | J. Wiley, |
| Date of publication, distribution, etc. | 2004. |
| 300 ## - PHYSICAL DESCRIPTION | |
| Extent | xv, 720 p. |
| 650 #0 - SUBJECT ADDED ENTRY--TOPICAL TERM | |
| Topical term or geographic name as entry element | Investments |
| General subdivision | Mathematical models. |
| -- | 0000183996 |
| 650 #0 - SUBJECT ADDED ENTRY--TOPICAL TERM | |
| Topical term or geographic name as entry element | Capital assets pricing model. |
| -- | 0000179344 |
| 650 #0 - SUBJECT ADDED ENTRY--TOPICAL TERM | |
| Topical term or geographic name as entry element | Stocks. |
| General subdivision | Mathematical models. |
| -- | 0000183997 |
| 650 #0 - SUBJECT ADDED ENTRY--TOPICAL TERM | |
| Topical term or geographic name as entry element | Bonds. |
| General subdivision | Mathematical models. |
| -- | 0000183998 |
| 650 #0 - SUBJECT ADDED ENTRY--TOPICAL TERM | |
| Topical term or geographic name as entry element | Foreign exchange. |
| General subdivision | Mathematical models. |
| -- | 0000183999 |
| 700 1# - ADDED ENTRY--PERSONAL NAME | |
| Personal name | Nitzsche, Dirk. |
| -- | 0000184000 |
| 852 1# - LOCATION | |
| -- | p5200 KES |
| 852 1# - LOCATION | |
| -- | p5200 KES |
| 908 ## - PUT COMMAND PARAMETER (RLIN) | |
| Put command parameter | 130509 |
| 950 ## - LOCAL HOLDINGS (RLIN) | |
| -- | 1 |
| Withdrawn status | Lost status | Source of classification or shelving scheme | Not for loan | Home library | Current library | Date acquired | Total Checkouts | Full call number | Barcode | Date last seen | Date last checked out | Price effective from | Koha item type | Public note |
|---|---|---|---|---|---|---|---|---|---|---|---|---|---|---|
| Library of Congress Classification | Kabarak, Main Campus | Kabarak, Main Campus | 17/12/2015 | 1 | HG5415.2 .C87 2004 c. 1 | 015205 | 26/11/2019 | 14/11/2019 | 17/12/2015 | General Collection | Kabarak University Library | |||
| Library of Congress Classification | Kabarak, Main Campus | Kabarak, Main Campus | 17/12/2015 | HG5415.2 .C87 2004 c. 2 | 015208 | 17/12/2015 | 17/12/2015 | General Collection | Kabarak University Library |